Learning english : (Record no. 2105)
[ view plain ]
| 000 -LEADER | |
|---|---|
| fixed length control field | 00573nam a22002177a 4500 |
| 001 - CONTROL NUMBER | |
| control field | BD-DhSAU 2105 |
| 003 - CONTROL NUMBER IDENTIFIER | |
| control field | BD-DhSAU |
| 005 - DATE AND TIME OF LATEST TRANSACTION | |
| control field | 20150126123653.0 |
| 008 - FIXED-LENGTH DATA ELEMENTS--GENERAL INFORMATION | |
| fixed length control field | 150126s2006 bg | |||r|||| 00| 0 ben d |
| 020 ## - INTERNATIONAL STANDARD BOOK NUMBER | |
| International Standard Book Number | 9846431559 |
| 040 ## - CATALOGING SOURCE | |
| Original cataloging agency | BD-DhSAU |
| 082 ## - DEWEY DECIMAL CLASSIFICATION NUMBER | |
| Edition number | 22 |
| Classification number | 421 |
| Item number | AHL |
| 100 ## - MAIN ENTRY--PERSONAL NAME | |
| Personal name | Ahmed, Sadruddin |
| 245 ## - TITLE STATEMENT | |
| Title | Learning english : |
| Remainder of title | the easy way / |
| 250 ## - EDITION STATEMENT | |
| Edition statement | 7th (বাংলা সংস্করণ) |
| 260 ## - PUBLICATION, DISTRIBUTION, ETC. (IMPRINT) | |
| Place of publication, distribution, etc. | Dhaka : |
| Name of publisher, distributor, etc. | Akhtara Prokashani, |
| Date of publication, distribution, etc. | 2006. |
| 300 ## - PHYSICAL DESCRIPTION | |
| Extent | 347 p. : |
| Dimensions | 22 cm. |
| 504 ## - BIBLIOGRAPHY, ETC. NOTE | |
| Bibliography, etc | Glossary. |
| 590 ## - Name of Cataloguer | |
| Name of Cataloger | erfat |
| 650 ## - SUBJECT ADDED ENTRY--TOPICAL TERM | |
| Topical term or geographic name as entry element | Learning enlish. |
| 942 ## - ADDED ENTRY ELEMENTS (KOHA) | |
| Source of classification or shelving scheme | Dewey Decimal Classification |
| Koha item type | Book |
| Withdrawn status | Lost status | Source of classification or shelving scheme | Damaged status | Not for loan | Home library | Branch Name | Shelving location | Date acquired | Total Checkouts | Full call number | Barcode | Date last seen | Price effective from | Koha item type | Date checked out |
|---|---|---|---|---|---|---|---|---|---|---|---|---|---|---|---|
| Dewey Decimal Classification | SAU Library | SAU Library | General Stacks | 08/04/2008 | 421 AHL | 34262 | 23/07/2025 | 26/01/2015 | Book | ||||||
| Dewey Decimal Classification | SAU Library | SAU Library | General Stacks | 08/04/2008 | 6 | 421 AHL | 34261 | 24/09/2025 | 26/01/2015 | Book | 14/07/2025 | ||||
| Dewey Decimal Classification | SAU Library | SAU Library | General Stacks | 08/04/2008 | 421 AHL | 34259 | 27/09/2023 | 26/01/2015 | Book | ||||||
| Dewey Decimal Classification | SAU Library | SAU Library | General Stacks | 08/04/2008 | 1 | 421 AHL | 34260 | 20/01/2025 | 26/01/2015 | Book | 13/02/2023 | ||||
| Dewey Decimal Classification | Not For Loan | SAU Library | SAU Library | Reference | 13/07/2008 | 421 AHL | 34258 | 31/05/2015 | 31/05/2015 | Book |
